Riconosci il Pokémon - Quiz n°716 - Statistics

Statistiche generali
  • Questo quiz è stato fatto 1 volte
  • Il punteggio medio è 10 su 10
Statistiche sulle risposte
Indizio Riposta % Corretto
Altezza 1,8 m
100%
Sesso 50% ♂, 50% ♀
100%
Tasso di cattura 55 (13.9%)
100%
Peso 81,5 kg
100%
Pokémon Dragalge
100%
Tasso di allevamento Medio-Veloce
100%
Stadio evoluzione Prima evoluzione
100%
Generazione Sesta
100%
Tipo Veleno / Drago
100%
Abilità Velenopunte; Velentocco; Adattabilità
100%
Nessun quiz corrispondente trovato
Distribuzione punteggi
Percentuale di utenti per punteggio
Percentile per numero di risposta
I tuoi punteggi nel tempo
Non hai fatto questo quiz